Sports Quiz

Random Sports Quiz

Name all f1 games with f1 at start of title Quiz Stats

 Plays Quiz not verified by Sporcle

Challenge
Share
Tweet
Embed
Score 0/17 Timer 06:00
0 Plays Today
game name % Correct
F1 2011
93.8%
F1 2010
92.3%
F1 2009
86.2%
F1 2000
81.5%
F1 2003
81.5%
F1 2005
81.5%
F1 2006
81.5%
F1 2001
80%
F1 2002
80%
game name % Correct
F1 2004
80%
F1 2007
66.2%
F1 98
50.8%
F1 2008
50.8%
F1 95
47.7%
F1 97
47.7%
F1 99
47.7%
F1 96
46.2%

You're not logged in!

Compare scores with friends on all Sporcle quizzes.
OR
Log In

You Might Also Like...

Show Comments

Extras

Created Mar 10, 2012ReportNominate
Tags:start

Top Quizzes Today


Score Distribution

Your Account Isn't Verified!

In order to create a playlist on Sporcle, you need to verify the email address you used during registration. Go to your Sporcle Settings to finish the process.

Report this User

Report this user for behavior that violates our Community Guidelines.

Details: